Регионална библиотека "Любен Каравелов" - Русе

Психоанализата (Запис номер 5)

MARC детайли
000 -Лидер
Контролно поле с фиксирана дължина 01627nam a2200385 a 4500
003 - Код на организацията, давaща контролен номер
Контролно поле BLK
005 - Дата и час на последна редакция
Контролно поле 20230907174233.0
008 - Елементи от данни с фиксирана дължина
fixed length control field 180412b bul|||||r ||||||| ||bul||
010 ## - Наследен системен номер
LC control number KNG00000007000
040 ## - Източник на каталожния запис
Идентификатор на билиотеката - собственик на записа BLK
041 ## - Код за език
Код за езика на текст/звукозапис или на отделно заглавие Български
Код за езика КДБФ Български
080 ## - УДК
Текстов определител УДК Психоанализа
УДК код - определител по УДК 159.964.2
УДК - код + определител 159.964.2
080 ## - УДК
Текстов определител УДК Ортодоксална психоанализа. Учение на Фройд. Активна психоанализа (по Щекел), нео-психоанализа
УДК код - определител по УДК 615.851.134
УДК - код + определител 615.851.134
100 1# - Редна дума - Автор
Автор Фройд, Зигмунд
Авторска отговорност първи автор
Пълна форма на името психоаналитик
R(LIN) 241536
139 ## - Редно поле
Редна дума Фройд, Зигмунд
Авторски знак Фро - Ф 85
245 10 - Сведения за заглавието
Заглавие Психоанализата
Подзаглавни данни Теория Практика
Редно поле (дума) Зигмунд Фройд.
257 ## - Страна на издаване
Страна на създаване/издаване Австрия
260 ## - Област на издателските данни
Място на издаване, разпространение и проч. София
Име на издателя, разпространителя и проч. Евразия
Година на издаване 1993
300 ## - Физическа характеристика
Страници 368 с.
Размери/Мащаб 22 см
380 ## - Жанр
Жанр Философия
500 ## - Общи забележки
Забележка Прев. е направен от Gesammelte Werke / Sigmund Freud. - 9 170 тир. - Библиогр. с. 355-357. - Кратък речник на психоаналит. термини ; Азб. показалец.
650 #4 - Допълнително описание по предмет – тема
Основно описание – тема или топоним Психоанализа
9 (RLIN) 168303
650 #4 - Допълнително описание по предмет – тема
Основно описание – тема или топоним Психотерапия
9 (RLIN) 168415
653 ## - Ключова дума – ненормативна
Ключова дума психоанализа
653 ## - Ключова дума – ненормативна
Ключова дума психотерапия
852 ## - Местоположение
Форматна сигнатура Цб 174669
Фондова буква Хранилище
856 4# - Електронен адрес и достъп
Електронен формат pdf - файл
Път до файла /url/
Инструкция (цена за достъп) 0.00
Права за достъп disable
856 4# - Електронен адрес и достъп
Електронен формат pdf - файл
Път до файла /url/
Инструкция (цена за достъп) 0.00
Права за достъп disable
942 ## - АРТИКУЛИ
Вид на библиотечния материал Книги
Скрит в OPAC Не
Koha issues (borrowed), all copies 7
Периодичен библиозапис Да
944 ## - СЪЗДАВАНЕ И РЕДАКЦИЯ на ЗАПИСА
Създаване/Редакция Създаване
Дата на регистрацията/редакция 15.01.2003
Статус, дата на статуса Цветомила Тодорова
Служител, извършил регистрацията/редакцията 30576
944 ## - СЪЗДАВАНЕ И РЕДАКЦИЯ на ЗАПИСА
Създаване/Редакция Редакция
Дата на регистрацията/редакция 05.07.2017
Статус, дата на статуса ф /
Служител, извършил регистрацията/редакцията Людмила_Стоянова
999 ## - СИСТЕМНИ КОНТРОЛНИ НОМЕРА
Koha biblionumber 5
Koha biblioitemnumber 5
999 ## - СИСТЕМНИ КОНТРОЛНИ НОМЕРА
Koha biblioitemnumber 5
999 ## - СИСТЕМНИ КОНТРОЛНИ НОМЕРА
Koha biblioitemnumber 5
999 ## - СИСТЕМНИ КОНТРОЛНИ НОМЕРА
Koha biblioitemnumber 5
Наличности
Код за отписване Код за изгубен артикул Източник на класификационната схема Код за повреда Коз за рестрикции Код за отдаване Артикулен № Име на библиотеката - собственик Име на библиотеката, в която се намира в момента Статус (Текущо местоположение) Дата на вписване в системата Местоположение - отдел Цена в лева Инвентарен номер Систематично азбучна сигнатура Баркод Номер на екземпляра Цена в евро Служебна бележка Служебен тип на артикула
  Не е изгубен Universal Decimal Classification Не е повреден без рестрикции ползва се в читалня 8 Регионална библиотека "Любен Каравелов" Русе Регионална библиотека "Любен Каравелов" Русе Хранилище 1994-01-01 Хранилище 50.00 595034 Цб 174669 120000595034 1 25.56 Дост: Dp Вид: Д N: 2 Дата: 01.01.1994 Книги
  Не е изгубен Universal Decimal Classification Не е повреден без рестрикции заемане за дома 9 Регионална библиотека "Любен Каравелов" Русе Регионална библиотека "Любен Каравелов" Русе Заемна - подръчен фонд 2017-06-23 Заемна - подръчен фонд 18.00 120000812719 П 159.964.2/Ф 35-З 120000812719 2 9.20 Дост: DA Вид: А N: 26 Дата: 23.06.2017 Дата инв: 02.02.2018 Бележки инв: П2018 Книги
Vip Innovations Ltd, Rousse, Bulgaria 2025